| 000 | 00776cam a22002413a 4500 | ||
|---|---|---|---|
| 001 | 14412 | ||
| 003 | PGUSA | ||
| 005 | 20140828083316.0 | ||
| 008 | 041221s2004||||xxu|||||s|||||000 | eng d | ||
| 040 |
_aPGUSA _beng |
||
| 042 | _adc | ||
| 050 | 4 | _aDA | |
| 100 | 1 | _aO'Rourke, John, Canon | |
| 245 | 1 | 4 |
_aThe History of the Great Irish Famine of 1847 (3rd ed.) (1902) : _bWith Notices of Earlier Irish Famines _h[electronic resource] / _cJohn, Canon O'Rourke |
| 260 |
_bProject Gutenberg, _c2004 |
||
| 506 | _aPublic domain in the USA. | ||
| 516 | _aElectronic text | ||
| 653 | _aFamines -- Ireland -- History | ||
| 653 | _aIreland -- History -- Famine, 1845-1852 | ||
| 830 | 0 |
_aProject Gutenberg _v14412 |
|
| 856 | 4 | 0 | _uhttp://www.gutenberg.org/ebooks/14412 |
| 942 | _cEB | ||
| 999 |
_c243667 _d243667 |
||